| 000 | 01110nam a2200313 a 4500 | ||
|---|---|---|---|
| 001 | 000014162 | ||
| 003 | DO-SdBNP | ||
| 005 | 20250621074005.0 | ||
| 008 | 091207s1981 dr 000 e spa d | ||
| 040 |
_aDO-SdBNP _bspa _cBNPHU |
||
| 082 | 4 |
_a338.17361 _bA997p, 1981 _222 |
|
| 245 | 0 | 0 |
_aAzúcar y política en la República Dominicana / _cAndrés Corten ... [et al.]. |
| 250 | _a3a ed. | ||
| 260 |
_aSanto Domingo : _bEdiciones de Taller, _c1981. |
||
| 300 |
_a234 p. ; _c21 cm. |
||
| 490 | 0 |
_aBiblioteca Taller _v 71 |
|
| 500 | _aIncluye referencias bibliográficas y notas al pie de las páginas | ||
| 590 | _aInventariado,2018/DG | ||
| 650 | 4 |
_aIndustria azucarera _zRepública Dominicana _98386 |
|
| 651 | 4 |
_aRepública Dominicana _xCondiciones económicas _9281 |
|
| 651 | 0 |
_aRepública Dominicana _xPolítica y gobierno _945 |
|
| 651 | 4 |
_aHaiti _xMigración _932004 |
|
| 651 | 4 |
_aHaiti _xCondiciones Rurales _932005 |
|
| 700 | 1 |
_aVilas, Crlos Ma. _932006 |
|
| 700 | 1 |
_aAcosta, Mercedes _932007 |
|
| 700 | 1 |
_aDuarte, Isis _92123 |
|
| 910 | _aValidado. Control de calidad MFF | ||
| 942 |
_2ddc _cLBS1 |
||
| 999 |
_c13764 _d13764 |
||